000 00268nam a2200109Ia 4500
008 190912s9999||||xx |||||||||||||| ||und||
100 _aKenneth J.Pakenham
245 0 _aMaking Connections
260 _aNew York
_bSt.Martins Press
_c1994
300 _a370
942 _cBK
999 _c7846
_d7846